Statistiques concernant Pays avec le plus d'îles

Cliquez ici pour prendre le quiz!

Statistiques générales

  • Ce quiz a été pris 233 fois
  • Le résultat moyen est 10 sur 15

Statistiques - réponses

Nombre d'îlesPays% Correct
518 617États Unis
93%
452 455Canada
90%
617 504Indonesie
89%
96 852Japon
89%
115 000Chine
83%
78 222Australie
78%
1267 570Suède
78%
2239 057Norvège
77%
87 641Philippines
76%
3178 947Finlande
74%
105 000Chili
53%
144 000Viêt Nam
49%
124400Corée du Sud
47%
153 579Corée du Nord
32%
134 195Cuba
20%

Distribution des résultats

Percentile par nombre de réponses

% des personnes avec chaque résultat

Votre développement - résultats

Vous n’avez pas pris ce quiz